STN EN 1993-1-1/NA: 2007 (73 1401), Eurokód 3. Navrhovanie oceľových konštrukcií Časť 1-1 Všeobecné pravidlá a pravidlá pre budovy. Národná príloha

Slovenská národná príloha k slovenskej verzii EN 1993-1-1: 2005

Bibliographic Details
Other Authors: Baláž, Ivan, 1948- (Translator)
Format: Book
Language:Slovak
English
PhysicalDescription:24 strán obrázky, tabuľky 30 cm
Published: Bratislava Slovenský ústav technickej normalizácie 2007
Subjects:

MARC

LEADER 00000cam a2200000 a 4500
001 vtls009814165
003 SK-MaSNL
005 20260301171619.0
008 130117s2007 xo a f u 000 0 slo
015 |a SNBN2010/04-02660 
020 |c (cen. skup. 12) 
035 |a (SVKBBclas03)vtls000280853 
040 |a SNK  |b slo  |c SNK  |e AACR2 
041 1 |a slo  |h eng 
044 |a xo  |c SK 
046 |a m  |m 20071201 (účin.)  |n 20280401 (zruš.) 
072 7 |a 624  |x Inžinierske staviteľstvo  |2 konspekt 
080 |a 624.014.2  |2 2001 
080 |a 721  |2 2001 
080 |a 006.76  |2 2001 
080 |a (437.6)  |2 2001 
080 |a (083.74)  |2 2001 
084 |a 91.010.30  |2 ICS 
130 0 |a STN 73 1401 (STN EN 1993-1-1/NA)  |9 539599 
245 1 0 |a STN EN 1993-1-1/NA: 2007 (73 1401), Eurokód 3. Navrhovanie oceľových konštrukcií  |n Časť 1-1  |p Všeobecné pravidlá a pravidlá pre budovy. Národná príloha  |c spracovateľ Slovenská technická univerzita Bratislava, Ivan Baláž 
246 1 0 |a Eurokód 3 
246 1 0 |a Navrhovanie oceľových konštrukcií 
246 1 0 |a Všeobecné pravidla a pravidlá pre budovy 
246 3 0 |a EN 1993-1-1: 2006/NA: 2007 
260 |a Bratislava  |b Slovenský ústav technickej normalizácie  |c 2007 
300 |a 24 strán  |b obrázky, tabuľky  |c 30 cm 
500 |a Spracovateľ: Slovenská technická univerzita Bratislava, Ivan Baláž 
500 |a Táto norma od 1.11.2006 nahrádza v celom rozsahu anglickú verziu STN EN 1993-1-1 z októbra 2005 
500 |a Norma je od 1.4.2028 nahradená spolu s normou STN EN 1993-1-1 z novembra 2006 a normou STN EN 1993-1-1/A1 z októbra 2015 normou STN EN 1993-1-1 z mája 2024 a normou STN EN 1993-1-1/NA z januára 2025 v celom rozsahu. Môže sa s nimi súbežne používať do 1.4.2028 
520 8 |a Slovenská národná príloha k slovenskej verzii EN 1993-1-1: 2005 
540 |a STN vydané na akomkoľvek nosiči sa môžu rozmnožovať a rozširovať iba so súhlasom určenej právnickej osoby  |b SÚTN Bratislava  |c zákon 264/1999 Z.z. 
546 |a Literatúra aj v angličtine 
650 0 7 |a oceľové konštrukcie  |2 SNK  |9 31829 
650 0 7 |a navrhovanie oceľových konštrukcií  |2 SVKBBPH  |9 353238 
650 0 7 |a budovy  |2 SVKBBPH  |9 1283 
650 0 7 |a technické normy a štandardy  |z Slovensko  |2 SNKPH  |9 79594 
650 0 7 |a technické normy a štandardy  |z krajiny Európskej únie  |2 SNKPH  |9 289341 
655 7 |a normy  |2 SNKPH  |9 70643 
700 1 |a Baláž, Ivan,  |d 1948-  |4 trl  |9 189432 
710 2 |a Slovenská technická univerzita v Bratislave.  |b Stavebná fakulta  |4 stn  |9 166787 
710 2 |a Slovenský ústav technickej normalizácie (Bratislava, Slovensko).  |b Technická komisia č. 4 Kovové, spriahnuté oceľobetónové a drevené konštrukcie  |4 stn  |9 539600 
774 1 8 |t STN EN 1993-1-1: 2006  |d Bratislava : Slovenský ústav technickej normalizácie, 2006  |w vtls008888302 
774 1 8 |t STN EN 1993-1-1: 2006  |d Bratislava : Slovenský ústav technickej normalizácie, 2006  |w vtls009861379 
774 1 8 |t STN EN 1993-1-1/A1: 2015  |d Bratislava : Úrad pre normalizáciu, metrológiu a skúšobníctvo SR, 2015  |w vtls010882569 
774 1 8 |t STN EN 1993-1-1: 2024  |d Bratislava : Úrad pre normalizáciu, metrológiu a skúšobníctvo SR, 2024  |w vtls012255850 
958 |a OP 
999 |c 831249  |d 833179 
952 |a SNK  |b SNK  |y PREZ  |7 0  |p 17A0593266  |o snkSTN EN 1993-1-1/NA  |i snk2008/13349  |8 0  |0 0  |1 0  |4 0  |d 2008-07-01  |l 0  |r 2026-02-24 03:38:05  |w 2026-02-24 
952 |a SNK  |b SNK  |y PREZ  |7 0  |p 17A0593267  |o snkSTN EN 1993-1-1/NA D1  |i snk2008/13350  |8 0  |0 0  |1 0  |4 0  |d 2008-07-01  |l 0  |r 2026-02-24 03:38:05  |w 2026-02-24